|
|
|
|
| LEADER |
01505nam a22003374a 4500 |
| 001 |
42385 |
| 003 |
BD-DhAAL |
| 005 |
20241028124249.0 |
| 008 |
240318t2002 maua 001 0 eng d |
| 010 |
|
|
|a 2002020749
|
| 020 |
|
|
|a 0618115927
|
| 020 |
|
|
|a 9780618115921
|
| 035 |
|
|
|a (DLC)11
|
| 040 |
|
|
|a DLC
|c DLC
|d DLC
|d BD-DhAAL
|
| 042 |
|
|
|a pcc
|
| 050 |
0 |
0 |
|a RA776
|b .S3293 2002
|
| 082 |
0 |
0 |
|a 613.7
|2 23
|
| 100 |
1 |
|
|a Schlosberg, Suzanne.
|9 56161
|
| 245 |
1 |
0 |
|a Fitness for travelers :
|b the ultimate workout guide for the road /
|c Suzanne Schlosberg.
|
| 246 |
|
|
|a Fitness for travelers
|
| 260 |
|
|
|a Boston :
|b Houghton Mifflin,
|c c2002.
|
| 300 |
|
|
|a xiii, 191 pages :
|b illustrations ;
|c 23 cm
|
| 500 |
|
|
|a Includes index.
|
| 541 |
|
|
|a Donation from the Asia Foundation/Savar Campus Library
|e 42385, 43625
|
| 650 |
|
0 |
|a Physical fitness.
|
| 650 |
|
0 |
|a Travel
|x Health aspects.
|9 56162
|
| 852 |
|
|
|a Ayesha Abed Library
|
| 942 |
|
|
|2 ddc
|c BK
|
| 999 |
|
|
|c 46470
|d 46470
|
| 952 |
|
|
|0 0
|1 0
|2 ddc
|4 0
|6 613_700000000000000_SCH
|7 0
|9 75274
|a SCL
|b SCL
|c GEN
|d 2024-03-18
|e Donation from the Asia Foundation/Savar Campus Library
|l 0
|o 613.7 SCH
|p 3020042385
|r 2024-03-18
|t 1
|w 2024-03-18
|y BK
|x Donation from the Asia Foundation/Savar Campus Library ; USD 14.00
|
| 952 |
|
|
|0 0
|1 0
|2 ddc
|4 0
|6 613_700000000000000_SCH
|7 0
|9 76826
|a SCL
|b SCL
|c GEN
|d 2024-10-28
|e Donation from the Asia Foundation/Savar Campus Library
|l 0
|o 613.7 SCH
|p 3020043625
|r 2024-10-28
|t 2
|w 2024-10-28
|y BK
|x Donation from the Asia Foundation/Savar Campus Library ; USD 14.00
|